<?xml version="1.0" encoding="UTF-8"?>
<collection xmlns="http://www.loc.gov/MARC21/slim">
 <record>
  <leader>01388nmm a2200229 a 4500</leader>
  <controlfield tag="001">1/24142</controlfield>
  <controlfield tag="008">041216s2004    wau        m        eng  </controlfield>
  <datafield tag="035" ind1=" " ind2=" ">
   <subfield code="l">25875</subfield>
  </datafield>
  <datafield tag="040" ind1=" " ind2=" ">
   <subfield code="a">GR-PeUP</subfield>
  </datafield>
  <datafield tag="082" ind1="1" ind2="0">
   <subfield code="a">CD ROM 031 ENC</subfield>
  </datafield>
  <datafield tag="245" ind1="0" ind2="0">
   <subfield code="a">Microsoft Encarta 2005</subfield>
   <subfield code="h">[electronic resource] :</subfield>
   <subfield code="b">Premium suite.</subfield>
  </datafield>
  <datafield tag="246" ind1="3" ind2="0">
   <subfield code="a">Encarta 2005</subfield>
  </datafield>
  <datafield tag="260" ind1=" " ind2=" ">
   <subfield code="a">Redmond, WA :</subfield>
   <subfield code="b">Microsoft Corp.,</subfield>
   <subfield code="c">c2004</subfield>
  </datafield>
  <datafield tag="300" ind1=" " ind2=" ">
   <subfield code="a">4 CD-ROMs :</subfield>
   <subfield code="b">sd., col. ;</subfield>
   <subfield code="c">4 3/4 in.</subfield>
  </datafield>
  <datafield tag="538" ind1=" " ind2=" ">
   <subfield code="a">System requirements: Multimedia PC with a Pentium 333MHz or higher processor; 64MB RAM for Windows 98 or Windows Me (128MB for Windows 2000 Professional, or Windows XP); Windows 98/2000 Professional/ME/XP; up to 250MB available of hard-disk space; 4x CD-ROM drive; SVGA 16-bit monitor supporting 800 x 600 screen resolution; 16-bit sound card with speakers or headphones; Microsoft mouse, Microsoft IntelliMouse or compatible pointing device; 4MB or more of video memory; some features require an Internet connection; Microsoft Internet Explorer 6.0.</subfield>
  </datafield>
  <datafield tag="500" ind1=" " ind2=" ">
   <subfield code="a">Τίτλος από την ετικέτα του cd</subfield>
  </datafield>
  <datafield tag="500" ind1=" " ind2=" ">
   <subfield code="a">Περιλαμβάνει videos απο το Discovery Channel</subfield>
  </datafield>
  <datafield tag="650" ind1=" " ind2="4">
   <subfield code="a">CD-ROMs.</subfield>
  </datafield>
  <datafield tag="650" ind1=" " ind2="4">
   <subfield code="a">Electronic encyclopedias</subfield>
   <subfield code="v">Interactive multimedia.</subfield>
  </datafield>
  <datafield tag="650" ind1=" " ind2="4">
   <subfield code="a">Electronic reference sources.</subfield>
  </datafield>
  <datafield tag="710" ind1="2" ind2=" ">
   <subfield code="a">Microsoft Corporation.</subfield>
  </datafield>
  <datafield tag="852" ind1=" " ind2=" ">
   <subfield code="a">INST</subfield>
   <subfield code="b">UNIPILB</subfield>
   <subfield code="c">MMEDIA</subfield>
   <subfield code="e">20041216</subfield>
   <subfield code="h">CD ROM 031 ENC</subfield>
   <subfield code="p">00145533</subfield>
   <subfield code="q">00145533</subfield>
   <subfield code="t">NOLOAN</subfield>
   <subfield code="y">23</subfield>
   <subfield code="4">1</subfield>
  </datafield>
 </record>
</collection>
